000 00529ntaaa2200193 4500
003 01
005 20251027202230.0
008 0714s1973 ag 01
040 _aAR-BaBN
_bspa
_cAR-BaBN
_eaacr
_dRIC
082 _a268.1000 K72
100 _aKnapp, E.C.
_919447
245 _aSide lights on the daily vacation bible school
250 _a1 ed.
260 _aNew York :
_bFleming H Revell Company,
_cc1923
300 _a128 p
500 _aEscuela bíblica de vacaciones
650 _aescuela bíblica de vacaciones
942 _cBK
999 _c17175
_d17175